Normal view
MARC view
Entry Topical Term
001 - CONTROL NUMBER
- control field: 41792
003 - CONTROL NUMBER IDENTIFIER
- control field: OSt
005 - DATE AND TIME OF LATEST TRANSACTION
- control field: 20231114163538.0
008 - FIXED-LENGTH DATA ELEMENTS
- fixed length control field: 231114|| aca||aabn | a|a d
040 ## - CATALOGING SOURCE
- Original cataloging agency: OSt
- Transcribing agency: OSt
150 ## - HEADING--TOPICAL TERM
- Topical term or geographic name entry element: Hindu temples India Ayodhya (Faizabad), India Ayodhya (Faizabad), Hindu temples - Bharat
670 ## - SOURCE DATA FOUND
- Source citation: Work cat.: (OSt)522901: Hasan, Zoya 41791, It wasn’t just the Masjid that fell
